000 01579cam a2200241 i 4500
001 23977872
005 20260210055846.0
006 m |o d |
007 cr |||||||||||
008 240826r20132011enka ob 001 0 eng
010 _a 2024726580
020 _a9781441167866 (pbk.)
082 _a404.41 HYL
245 0 0 _aBloomsbury companion to discourse analysis /
_cedited by Ken Hyland and Brian Paltridge
264 1 _aLondon :
_bBloomsbury,
_c2013.
300 _axiii, 393 p. :
_bill. ;
_c23 cm.
490 0 _aBloomsbury Companions
505 _a1. Introduction Part I: Discourse Research Methods 2. Corpora and Discourse Analysis (Using Corpora in Discourse Analysis Chapter 1) 3. Systemic Functional Linguistics and Discourse Analysis (Historical Discourse Chapter 2) 4. Metadiscourse (Metadiscourse Chapter 3) 5. Researching Discourse (Introduction to Discourse Analysis Chapter 9) Part II: Analyses of Institutional Discourses 5. School Science (School Discourse Chapter 6) 6. Small Talk at Work (Workplace Discourse Chapter 5) 7. Development of Medical Discourse (Professional Discourse Chapter 4) 8. Instructional Discourses (Academic Discourse Chapter 5) 9. Images in the News (News Discourse Chapter 5) Part III: Electronic Discourses 10. Stance in Blogs (Blogs and Wikis Chapter 7) 11. Respellings in Text Messages (SMS Discourse Chapter 3) 12. The Language of Tweets (Twitter Discourse Chapter 3: The Language of Microblogging) Index
650 0 _aDiscourse analysis.
700 1 _aHyland, Ken
700 1 _aPaltridge, Brian
942 _2ddc
_cBK
999 _c112086
_d112086